Innovation in socio-cultural context (Record no. 12271)

MARC details
000 -LEADER
fixed length control field 01518cam a2200373Ia 4500
001 - CONTROL NUMBER
control field 9780203085547
003 - CONTROL NUMBER IDENTIFIER
control field BD-DhSAU
005 - DATE AND TIME OF LATEST TRANSACTION
control field 20151012151717.0
006 - FIXED-LENGTH DATA ELEMENTS--ADDITIONAL MATERIAL CHARACTERISTICS
fixed length control field a|||||s|||||||||||
007 - PHYSICAL DESCRIPTION FIXED FIELD--GENERAL INFORMATION
fixed length control field cr||||
008 - FIXED-LENGTH DATA ELEMENTS--GENERAL INFORMATION
fixed length control field 130729s2013 nyuabd sb 001 0 eng d
020 ## - INTERNATIONAL STANDARD BOOK NUMBER
International Standard Book Number 9780203085547 (e-book : PDF)
040 ## - CATALOGING SOURCE
Original cataloging agency BD-DhSAU
Transcribing agency BD-DhSAU
090 ## - LOCALLY ASSIGNED LC-TYPE CALL NUMBER (OCLC); LOCAL CALL NUMBER (OCLC)
Classification number (OCLC) (R) ; Classification number, CALL (RLIN) (NR) HC79.T4
Local cutter number (OCLC) ; Book number/undivided call number, CALL (RLIN) I54659 2013
092 ## - LOCALLY ASSIGNED DEWEY CALL NUMBER (OCLC)
Classification number 303.483
Item number I584
245 00 - TITLE STATEMENT
Title Innovation in socio-cultural context
Medium [electronic resource] /
Statement of responsibility, etc. edited by Frane Adam and Hans Westlund.
260 ## - PUBLICATION, DISTRIBUTION, ETC. (IMPRINT)
Place of publication, distribution, etc. New York :
Name of publisher, distributor, etc. Routledge,
Date of publication, distribution, etc. 2013.
300 ## - PHYSICAL DESCRIPTION
Extent viii, 221 p. :
Other physical details ill., map.
490 1# - SERIES STATEMENT
Series statement Routledge advances in sociology ;
Volume/sequential designation 84
504 ## - BIBLIOGRAPHY, ETC. NOTE
Bibliography, etc Includes bibliographical references and index.
505 0# - FORMATTED CONTENTS NOTE
Formatted contents note pt. 1. The cultural and cognitive framework of innovation -- pt. 2. Innovation and social capital : a reconsideration of conceptual and methodological dilemmas -- pt. 3. Case studies.
530 ## - ADDITIONAL PHYSICAL FORM AVAILABLE NOTE
Additional physical form available note Also available in print edition.
538 ## - SYSTEM DETAILS NOTE
System details note Mode of access: World Wide Web.
650 #0 - SUBJECT ADDED ENTRY--TOPICAL TERM
Topical term or geographic name as entry element Technological innovation
General subdivision Economic aspects.
650 #0 - SUBJECT ADDED ENTRY--TOPICAL TERM
Topical term or geographic name as entry element Technological innovation
General subdivision Social aspects.
650 #0 - SUBJECT ADDED ENTRY--TOPICAL TERM
Topical term or geographic name as entry element Diffusion of innovations
General subdivision Economic aspects.
650 #0 - SUBJECT ADDED ENTRY--TOPICAL TERM
Topical term or geographic name as entry element Diffusion of innovations
General subdivision Social aspects.
655 #7 - INDEX TERM--GENRE/FORM
Genre/form data or focus term Electronic books.
Source of term lcsh
700 1# - ADDED ENTRY--PERSONAL NAME
Personal name Adam, Frane.
700 1# - ADDED ENTRY--PERSONAL NAME
Personal name Westlund, Hans.
776 1# - ADDITIONAL PHYSICAL FORM ENTRY
International Standard Book Number 9780415636223 (hardback)
830 #0 - SERIES ADDED ENTRY--UNIFORM TITLE
Uniform title Routledge advances in sociology ;
Volume number/sequential designation 84.
856 40 - ELECTRONIC LOCATION AND ACCESS
Uniform Resource Identifier <a href="http://www.tandfebooks.com/isbn/9780203085547">http://www.tandfebooks.com/isbn/9780203085547</a>

No items available.